000
00295nam a22001337a 4500
008
170418b xxu||||| |||| 00| 0 eng d
020
_a
9780697219909
041
_a
eng
080
_2
6TH
_a
573
100
_a
10
101
_a
SHM
245
_a
BIOLOGY OF ANIMALS
_c
HICKMAN, C.P
942
_2
udc
_c
BK
999
_c
10930
_d
10930